01384naa a22002537a 45000010005000000030009000050050017000140080041000310400021000720410013000930440007001060800010001131000076001232450227001995000021004265200385004476500025008326550030008576500016008877730161009039420013010649990015010779520038010927204KOSZ 00520190606151716.0141021b2010 pl a|||| |||| 10| 0 pol  cBPKdKOSZ 005/EG apolbeng apl a621.91 aŻURAWSKI, Łukasz.bPolitechnika Koszalińska - Wydział Mechaniczny aModyfikowanie geometrii ostrza skrawającego w głowicy frezowej z wykorzystaniem luźnego ścierniwa diamentowego =bCutting tool geometry modyfication in face milling cutter using diamond slurry /cŁukasz Żurawski. aDane z autopsji. aW pracy przedstawiono wyniki z badań po modyfikacji na pomocniczej powierzchni przyłożenia ostrzy wykonanych z węglików spiekanych. Modyfikację wykonano luźnym ścierniwem diamentowym na płytkach wymiennych. Opisano metodykę i stanowisko badawcze do przygotowania zamierzonej modyfikacji. W podsumowaniu oceniono obrazy cyfrowe na podstawie efektów szlifowania. 0aOstrza skrawające. 0aMateriały konferencyjne. 0aSzlifowanie0 iW :tPodstawy i technika obróbki ściernej / pod red. A. Gołąbczaka i B. Kruszyńskiego. -dŁódź : Politechnika Łódzka, 2010. -gs. 289 - 294 cROZ2UKD c7204d7204 00104070aBPKbBPKo104285yROZ